Normal view
MARC view
Entry Personal Name
001 - CONTROL NUMBER
- control field: 7564
003 - CONTROL NUMBER IDENTIFIER
- control field: OSt
005 - DATE AND TIME OF LATEST TRANSACTION
- control field: 20230415012708.0
008 - FIXED-LENGTH DATA ELEMENTS
- fixed length control field: 230415|| aca||aabn | a|a d
040 ## - CATALOGING SOURCE
- Original cataloging agency: OSt
- Transcribing agency: OSt
100 ## - HEADING--PERSONAL NAME
- Personal name: Baguio, Saranay M., coordinator
670 ## - SOURCE DATA FOUND
- Source citation: Work cat.: (OSt): Felicerta, Corazon N., author. 7560, Breaking through Earth Science for senior high school /, c2021.
